[Event "15PCR_PF2"]
[Site "?"]
[Date "2004.??.??"]
[Round "?"]
[White "Binas, Jindrich"]
[Black "Brousek, Jiri"]
[Result "1/2-1/2"]
[WhiteElo "2175"]
[BlackElo "2361"]
[PlyCount "73"]
[EventDate "2004.??.??"]
[SourceDate "2005.03.08"]

1. e4 e6 2. d4 d5 3. Nc3 dxe4 4. Nxe4 Bd7 5. Nf3 Bc6 6. Bd3 Nd7 7. O-O Ngf6 8.
Ng3 Be7 9. Re1 O-O 10. c3 b6 11. Qe2 Bb7 12. Ng5 Bd6 13. Bc2 Re8 14. Qd3 Nf8
15. Nf3 Ng6 16. Bg5 c5 17. dxc5 Bxc5 18. Qxd8 Rexd8 19. Rad1 Rac8 20. Rxd8+
Rxd8 21. Ne4 Be7 22. h3 Nd5 23. Bxe7 Ndxe7 24. g3 e5 25. Re2 Bd5 26. Rd2 Rf8
27. Rd1 f5 28. Ned2 a6 29. c4 Bc6 30. Bb3 Kh8 31. Ng5 e4 32. c5 bxc5 33. Nf7+
Kg8 34. Nh6+ Kh8 35. Nf7+ Kg8 36. Ne5+ Kh8 37. Nf7+ 1/2-1/2

[Event "15PCR_PF2"]
[Site "?"]
[Date "2004.??.??"]
[Round "?"]
[White "Binas, Jindrich"]
[Black "Cedrych, Karel"]
[Result "0-1"]
[WhiteElo "2175"]
[BlackElo "2174"]
[PlyCount "76"]
[EventDate "2004.??.??"]
[SourceDate "2005.03.08"]

1. e4 c5 2. Nf3 Nc6 3. d4 cxd4 4. Nxd4 Nf6 5. Nc3 d6 6. f3 e5 7. Nb3 Be7 8. Be3
O-O 9. Qd2 a5 10. Bb5 Be6 11. Rd1 Na7 12. Be2 Nc6 13. O-O h6 14. a3 Qc7 15. Nb5
Qb8 16. a4 d5 17. exd5 Nxd5 18. Nc5 Nxe3 19. Qxe3 Bxc5 20. Qxc5 Rc8 21. Nd6 Nd4
22. Qxe5 Nxe2+ 23. Qxe2 Rc6 24. Qd2 Qa7+ 25. Qd4 Qxd4+ 26. Rxd4 Rxc2 27. Rf2
Rc1+ 28. Rf1 Rc7 29. Rfd1 Rd8 30. R1d2 Rcd7 31. Nb5 Kf8 32. Kf2 Ke7 33. Ke3 g5
34. g3 f6 35. Rxd7+ Rxd7 36. Rxd7+ Bxd7 37. Nc3 Bc6 38. f4 Ke6 0-1

[Event "15PCR_PF2"]
[Site "?"]
[Date "2004.??.??"]
[Round "?"]
[White "Binas, Jindrich"]
[Black "Glembek, Bohumir"]
[Result "1/2-1/2"]
[WhiteElo "2175"]
[BlackElo "2120"]
[PlyCount "54"]
[EventDate "2004.??.??"]
[SourceDate "2005.03.08"]

1. e4 Nf6 2. Nc3 e5 3. f4 d5 4. fxe5 Nxe4 5. Nf3 Nxc3 6. bxc3 Be7 7. d4 O-O 8.
Bd3 c5 9. O-O Nc6 10. Qe1 c4 11. Be2 Bf5 12. Bd1 f6 13. Rb1 Qd7 14. Be3 fxe5
15. dxe5 Be4 16. Qg3 Rae8 17. Nd4 Rxf1+ 18. Kxf1 Rf8+ 19. Kg1 b6 20. e6 Qe8 21.
Bg4 Bf6 22. Re1 Ne5 23. Bh3 Ng6 24. Qc7 Qb8 25. Qxb8 Rxb8 26. g3 Re8 27. Re2
Bxd4 1/2-1/2

[Event "15PCR_PF2"]
[Site "?"]
[Date "2004.??.??"]
[Round "?"]
[White "Binas, Jindrich"]
[Black "Hrdy, Roman"]
[Result "0-1"]
[WhiteElo "2175"]
[BlackElo "2224"]
[PlyCount "52"]
[EventDate "2004.??.??"]
[SourceDate "2005.03.08"]

1. e4 c5 2. Nf3 d6 3. d4 cxd4 4. Nxd4 Nf6 5. Nc3 a6 6. Bg5 e6 7. f4 Qb6 8. a3
Nbd7 9. Be2 Be7 10. Nb3 h6 11. Bxf6 Bxf6 12. Qd2 Nc5 13. O-O-O Qxb3 14. Qxd6
Nxe4 15. cxb3 Nxd6 16. Rxd6 b5 17. Bf3 Ra7 18. Rhd1 Ke7 19. Ne4 Rc7+ 20. Kb1 g5
21. Nxf6 Kxf6 22. fxg5+ hxg5 23. h3 Ke7 24. Rb6 Rd8 25. Rxd8 Kxd8 26. Rd6+ Ke7
0-1

[Event "15PCR_PF2"]
[Site "?"]
[Date "2004.??.??"]
[Round "?"]
[White "Binas, Jindrich"]
[Black "Jarabinsky, Martin"]
[Result "1/2-1/2"]
[WhiteElo "2175"]
[BlackElo "2116"]
[PlyCount "73"]
[EventDate "2004.??.??"]
[SourceDate "2005.03.08"]

1. e4 c5 2. Nf3 e6 3. d4 cxd4 4. Nxd4 Nc6 5. Nc3 Qc7 6. Be2 a6 7. f4 b5 8. Nxc6
Qxc6 9. Bf3 Bb7 10. Be3 Rc8 11. O-O Bc5 12. Qe1 d6 13. Kh1 Ne7 14. f5 b4 15.
Nd1 e5 16. c3 a5 17. cxb4 axb4 18. Qg3 Rg8 19. Qh4 f6 20. Rc1 Qa6 21. Rf2 Bxe3
22. Rxc8+ Bxc8 23. Nxe3 Qd3 24. Re2 Qb1+ 25. Re1 Qxb2 26. Bh5+ Kd8 27. Rd1 Qxa2
28. Qe1 Nc6 29. Rxd6+ Kc7 30. Rd1 Rd8 31. Nd5+ Kb8 32. Be2 Qa5 33. Ra1 Qc5 34.
Rc1 Qd6 35. Rb1 Bb7 36. Bc4 Qc5 37. Bf1 1/2-1/2

[Event "15PCR_PF2"]
[Site "?"]
[Date "2004.??.??"]
[Round "?"]
[White "Binas, Jindrich"]
[Black "Strnad, Martin"]
[Result "0-1"]
[WhiteElo "2175"]
[BlackElo "2230"]
[PlyCount "68"]
[EventDate "2004.??.??"]
[SourceDate "2005.03.08"]

1. e4 e5 2. Nf3 Nf6 3. d4 Nxe4 4. Bd3 d5 5. Nxe5 Nd7 6. Nxd7 Bxd7 7. O-O Bd6 8.
c4 c6 9. cxd5 cxd5 10. Qh5 O-O 11. Qxd5 Bc6 12. Qh5 g6 13. Qh3 Re8 14. Nc3 Bd7
15. Qf3 Nxc3 16. bxc3 Qc7 17. Bh6 Bxh2+ 18. Kh1 Bd6 19. Qf6 Bf8 20. Bxf8 Rxf8
21. d5 Rfe8 22. Rfe1 Rac8 23. c4 Qa5 24. Red1 b6 25. a4 Bg4 26. f3 Bd7 27. Bf1
Re3 28. Bd3 Rce8 29. Be4 Re2 30. Kh2 Qc5 31. Rd4 Qb4 32. Rdd1 Bxa4 33. Rd3 Rf8
34. Kg1 b5 0-1

[Event "15PCR_PF2"]
[Site "?"]
[Date "2004.??.??"]
[Round "?"]
[White "Brousek, Jiri"]
[Black "Binas, Jindrich"]
[Result "1-0"]
[WhiteElo "2361"]
[BlackElo "2175"]
[PlyCount "43"]
[EventDate "2004.??.??"]
[SourceDate "2005.03.08"]

1. d4 d5 2. Nf3 Nf6 3. e3 c5 4. b3 cxd4 5. exd4 Nc6 6. Bd3 Bg4 7. c3 e6 8. h3
Bxf3 9. Qxf3 Bd6 10. O-O a6 11. Bg5 h6 12. Bh4 O-O 13. Nd2 Rc8 14. Rac1 Be7 15.
Bb1 Re8 16. Rfe1 g6 17. Qe3 Kg7 18. Nf3 Nd7 19. Bg3 Nf6 20. Bf4 Ng8 21. c4 g5
22. Bg3 1-0

[Event "15PCR_PF2"]
[Site "?"]
[Date "2004.??.??"]
[Round "?"]
[White "Brousek, Jiri"]
[Black "Cedrych, Karel"]
[Result "0-1"]
[WhiteElo "2361"]
[BlackElo "2174"]
[PlyCount "68"]
[EventDate "2004.??.??"]
[SourceDate "2005.03.08"]

1. d4 Nf6 2. Nf3 e6 3. c4 b6 4. a3 Bb7 5. Nc3 d5 6. Bg5 Be7 7. Qa4+ Bc6 8. Qb3
dxc4 9. Qxc4 O-O 10. e3 Bb7 11. Be2 a6 12. O-O h6 13. Bf4 Bd6 14. Ne5 Nd5 15.
Nxd5 Bxd5 16. Qc3 Nd7 17. f3 Qe7 18. e4 Bb7 19. Be3 Rac8 20. Nc4 c5 21. Nxd6
Qxd6 22. Rfd1 Qb8 23. Rac1 cxd4 24. Qxd4 Rxc1 25. Rxc1 Rd8 26. a4 a5 27. b4
axb4 28. Qxb4 Rc8 29. Rxc8+ Bxc8 30. Bb5 Qc7 31. h4 Ne5 32. Qd4 Nd7 33. e5 Kf8
34. Qxb6 Nxb6 0-1

[Event "15PCR_PF2"]
[Site "?"]
[Date "2004.??.??"]
[Round "?"]
[White "Brousek, Jiri"]
[Black "Glembek, Bohumir"]
[Result "1-0"]
[WhiteElo "2361"]
[BlackElo "2120"]
[PlyCount "65"]
[EventDate "2004.??.??"]
[SourceDate "2005.03.08"]

1. d4 Nf6 2. Nf3 g6 3. Nc3 d5 4. Bf4 Bg7 5. e3 O-O 6. Be2 b6 7. Ne5 Bb7 8. h4
h6 9. h5 g5 10. Bxg5 hxg5 11. h6 Bh8 12. h7+ Kg7 13. Bd3 e6 14. Qf3 Nfd7 15.
O-O-O f5 16. Qh5 Qf6 17. g4 Nxe5 18. dxe5 Qg6 19. gxf5 exf5 20. Rdg1 g4 21. e6
Qxh5 22. Rxh5 Na6 23. e7 Rf6 24. Rg5+ Kf7 25. Bxa6 Bxa6 26. Nxd5 Bb7 27. Nxc7
Kxe7 28. Nxa8 Bxa8 29. Rg8 Rf8 30. Rd1 Bc6 31. Rd3 Re8 32. Rc3 Bd7 33. Rc7 1-0

[Event "15PCR_PF2"]
[Site "?"]
[Date "2004.??.??"]
[Round "?"]
[White "Brousek, Jiri"]
[Black "Hrdy, Roman"]
[Result "1/2-1/2"]
[WhiteElo "2361"]
[BlackElo "2224"]
[PlyCount "55"]
[EventDate "2004.??.??"]
[SourceDate "2005.03.08"]

1. d4 f5 2. g3 Nf6 3. Bg2 e6 4. c4 d5 5. Nh3 c6 6. O-O Bd6 7. Qc2 O-O 8. Nd2 b6
9. Nf3 Bb7 10. Bf4 Na6 11. e3 Ne4 12. Bxd6 Qxd6 13. a3 Rac8 14. cxd5 cxd5 15.
Qb3 Nb8 16. Rfc1 Nc6 17. Qa4 a6 18. Nf4 Rf7 19. Ne5 Rfc7 20. Nxc6 Rxc6 21. Nd3
Qc7 22. Rxc6 Qxc6 23. Qxc6 Rxc6 24. Rc1 Rxc1+ 25. Nxc1 Nd6 26. b3 a5 27. Bf1 a4
28. bxa4 1/2-1/2

[Event "15PCR_PF2"]
[Site "?"]
[Date "2004.??.??"]
[Round "?"]
[White "Brousek, Jiri"]
[Black "Jarabinsky, Martin"]
[Result "1-0"]
[WhiteElo "2361"]
[BlackElo "2116"]
[PlyCount "101"]
[EventDate "2004.??.??"]
[SourceDate "2005.03.08"]

1. d4 Nf6 2. Nf3 e6 3. e3 c5 4. Bd3 d5 5. b3 Nc6 6. O-O Be7 7. Bb2 O-O 8. dxc5
Bxc5 9. a3 Qe7 10. Nbd2 e5 11. b4 Bd6 12. c4 e4 13. Bxf6 Qxf6 14. Bxe4 dxe4 15.
Nxe4 Bxh2+ 16. Nxh2 Qg6 17. Ng3 Be6 18. c5 Bc4 19. Re1 Rad8 20. Qh5 Qxh5 21.
Nxh5 a5 22. Reb1 axb4 23. axb4 Bd3 24. Rb2 Bb5 25. Ng3 f5 26. Nf3 g6 27. Re1
Rfe8 28. Ne2 Ne5 29. Nxe5 Rxe5 30. Reb1 Bxe2 31. Rxe2 Red5 32. Ra2 Rd1+ 33.
Rxd1 Rxd1+ 34. Kh2 Rb1 35. Ra8+ Kf7 36. Ra7 Rxb4 37. c6 Ke6 38. cxb7 Kd6 39.
Kg3 Rg4+ 40. Kh3 Rb4 41. g4 fxg4+ 42. Kh4 Rb2 43. Kxg4 Kc7 44. f4 h5+ 45. Kg5
Rg2+ 46. Kf6 Rg4 47. Ke5 Kb8 48. Kd6 Rg1 49. Ra2 Kxb7 50. e4 Rd1+ 51. Ke6 1-0

[Event "15PCR_PF2"]
[Site "?"]
[Date "2004.??.??"]
[Round "?"]
[White "Brousek, Jiri"]
[Black "Strnad, Martin"]
[Result "1/2-1/2"]
[WhiteElo "2361"]
[BlackElo "2230"]
[PlyCount "50"]
[EventDate "2004.??.??"]
[SourceDate "2005.03.08"]

1. d4 Nf6 2. Nf3 d5 3. e3 e6 4. Bd3 c5 5. b3 Nc6 6. O-O Bd6 7. Bb2 O-O 8. dxc5
Bxc5 9. Nbd2 b6 10. a3 Bb7 11. c4 d4 12. exd4 Nxd4 13. b4 Nxf3+ 14. Nxf3 Bd6
15. Qe2 Qe7 16. Rad1 Rfd8 17. Ng5 h6 18. Bxf6 Qxf6 19. Ne4 Bxe4 20. Qxe4 g6 21.
Qb7 Qe7 22. Qxe7 Bxe7 23. Bc2 a5 24. bxa5 bxa5 25. a4 Kg7 1/2-1/2

[Event "15PCR_PF2"]
[Site "?"]
[Date "2004.??.??"]
[Round "?"]
[White "Brousek, Jiri"]
[Black "Zednik, Martin"]
[Result "1-0"]
[WhiteElo "2361"]
[BlackElo "1980"]
[PlyCount "113"]
[EventDate "2004.??.??"]
[SourceDate "2005.03.08"]

1. d4 d5 2. Nf3 Nf6 3. e3 e6 4. Bd3 c5 5. b3 Nc6 6. O-O Be7 7. Bb2 O-O 8. dxc5
Bxc5 9. Nbd2 Qc7 10. c4 dxc4 11. Nxc4 Nb4 12. Ng5 Rd8 13. Be5 Qd7 14. Ne4 Nxe4
15. Bxe4 f5 16. Qxd7 Rxd7 17. Bf3 Nd5 18. Rfd1 b5 19. Na5 Bb6 20. b4 Bxa5 21.
bxa5 a6 22. a4 bxa4 23. e4 fxe4 24. Bxe4 Bb7 25. Rxa4 Rad8 26. Rad4 Rc8 27. f4
Rc5 28. f5 Kf7 29. Bb1 Rxa5 30. Rg4 exf5 31. Rxg7+ Ke8 32. Rxd7 Kxd7 33. Bxf5+
Ke7 34. Re1 Kf7 35. Bxh7 Nf6 36. Bc2 Be4 37. Bb3+ Bd5 38. Bd1 Be6 39. h3 Rb5
40. g4 a5 41. Kh2 Nd7 42. Bc3 Nb6 43. h4 Nd5 44. Be5 Nb4 45. h5 Nd3 46. Rf1+
Kg8 47. Bf6 Rb4 48. g5 Rh4+ 49. Kg3 Rh3+ 50. Kg2 Nb4 51. Bf3 Nd3 52. Bd5 Re3
53. Bxe6+ Rxe6 54. Rf5 Re2+ 55. Kf3 Rf2+ 56. Ke4 Rxf5 57. Kxf5 1-0

[Event "15PCR_PF2"]
[Site "?"]
[Date "2004.??.??"]
[Round "?"]
[White "Cedrych, Karel"]
[Black "Binas, Jindrich"]
[Result "0-1"]
[WhiteElo "2174"]
[BlackElo "2175"]
[PlyCount "112"]
[EventDate "2004.??.??"]
[SourceDate "2005.03.08"]

1. e4 c5 2. Nf3 Nc6 3. d4 cxd4 4. Nxd4 Nf6 5. Nc3 e5 6. Ndb5 d6 7. Bg5 a6 8.
Na3 b5 9. Nd5 Be7 10. Nxe7 Nxe7 11. Bxf6 gxf6 12. Qf3 f5 13. exf5 Bxf5 14. Bd3
Be6 15. O-O O-O 16. c4 bxc4 17. Nxc4 f5 18. Rfe1 Kh8 19. Rad1 Qc7 20. Rc1 Qb8
21. b3 e4 22. Qe3 d5 23. Nb6 Ra7 24. Qd4+ Kg8 25. Na4 f4 26. Nc5 Nf5 27. Qb2
Re7 28. Bxa6 Qd6 29. Kh1 Bf7 30. b4 Bh5 31. a3 f3 32. Rg1 fxg2+ 33. Rxg2+ Rg7
34. Rxg7+ Nxg7 35. Bf1 Bf3+ 36. Bg2 Rf4 37. Nb7 Qb8 38. Bxf3 Rh4 39. Kg2 Qxh2+
40. Kf1 exf3 41. Rc8+ Kf7 42. Nd8+ Kg6 43. Rc6+ Kh5 44. Rh6+ Kxh6 45. Qf6+ Kh5
46. Qf7+ Kg5 47. Qxg7+ Kf5 48. Qd7+ Ke4 49. Qe6+ Qe5 50. Qxe5+ Kxe5 51. Kg1 d4
52. Nc6+ Ke4 53. Na5 Rg4+ 54. Kf1 h5 55. Nc4 h4 56. Nd2+ Kf4 0-1

[Event "15PCR_PF2"]
[Site "?"]
[Date "2004.??.??"]
[Round "?"]
[White "Cedrych, Karel"]
[Black "Brousek, Jiri"]
[Result "0-1"]
[WhiteElo "2174"]
[BlackElo "2361"]
[PlyCount "94"]
[EventDate "2004.??.??"]
[SourceDate "2005.03.08"]

1. e4 e6 2. d4 d5 3. Nc3 dxe4 4. Nxe4 Bd7 5. Nf3 Bc6 6. Bd3 Nd7 7. O-O Ngf6 8.
Ng3 Be7 9. Qe2 O-O 10. Rd1 b6 11. Ne5 Bb7 12. c4 Qc8 13. Bg5 Re8 14. Nh5 Nxe5
15. dxe5 Nxh5 16. Bxe7 Rxe7 17. Qxh5 h6 18. Rd2 Rd7 19. Rad1 Kf8 20. Qh4 Qd8
21. Qf4 Qg5 22. Qxg5 hxg5 23. Bc2 Rxd2 24. Rxd2 Ke7 25. f3 f6 26. exf6+ gxf6
27. Kf2 Rh8 28. h3 Rh4 29. b3 c5 30. Ke3 Bc8 31. Be4 Bd7 32. a3 f5 33. Bc2 e5
34. Rd1 Rd4 35. Ke2 Kf6 36. Rd3 b5 37. Rxd4 exd4 38. Bd3 Be6 39. Kd2 bxc4 40.
Bxc4 Bxc4 41. bxc4 f4 42. Kd3 Kg6 43. h4 Kh5 44. hxg5 Kxg5 45. Ke4 a6 46. a4 a5
47. Kd3 Kh4 0-1

[Event "15PCR_PF2"]
[Site "?"]
[Date "2004.??.??"]
[Round "?"]
[White "Cedrych, Karel"]
[Black "Glembek, Bohumir"]
[Result "1/2-1/2"]
[WhiteElo "2174"]
[BlackElo "2120"]
[PlyCount "73"]
[EventDate "2004.??.??"]
[SourceDate "2005.03.08"]

1. e4 e5 2. Nf3 Nc6 3. Bb5 a6 4. Ba4 Nf6 5. O-O b5 6. Bb3 Bb7 7. Re1 Bc5 8. c3
d6 9. d4 Bb6 10. a4 h6 11. axb5 axb5 12. Rxa8 Qxa8 13. d5 Ne7 14. Be3 Bxe3 15.
Rxe3 O-O 16. Na3 Qa6 17. Ne1 c6 18. dxc6 Qxc6 19. Bc2 Ra8 20. Bd3 d5 21. exd5
Nexd5 22. Rxe5 Nxc3 23. bxc3 Rxa3 24. Bxb5 Qc7 25. Re3 Rxc3 26. Rxc3 Qxc3 27.
Qd8+ Kh7 28. Qd3+ Qxd3 29. Nxd3 Ne4 30. f3 Nc3 31. Bc4 Bd5 32. Ba6 g6 33. Kf2
Kg7 34. Ke3 Bc6 35. Ne5 Bb5 36. Bxb5 Nxb5 37. g3 1/2-1/2

[Event "15PCR_PF2"]
[Site "?"]
[Date "2004.??.??"]
[Round "?"]
[White "Cedrych, Karel"]
[Black "Hrdy, Roman"]
[Result "1/2-1/2"]
[WhiteElo "2174"]
[BlackElo "2224"]
[PlyCount "99"]
[EventDate "2004.??.??"]
[SourceDate "2005.03.08"]

1. e4 c5 2. Nf3 d6 3. d4 cxd4 4. Nxd4 Nf6 5. Nc3 a6 6. Bg5 e6 7. f4 Qb6 8. Nb3
Nbd7 9. Qf3 Qc7 10. O-O-O b5 11. Bd3 Bb7 12. Rhe1 Be7 13. a3 Rc8 14. Qg3 h6 15.
Bh4 O-O 16. Qf3 Nc5 17. Nxc5 dxc5 18. e5 Nd5 19. Nxd5 Bxd5 20. Bxe7 Qxe7 21.
Qg4 c4 22. f5 f6 23. Bf1 fxe5 24. Rxe5 Rcd8 25. g3 exf5 26. Rxf5 Qe3+ 27. Kb1
Be6 28. Rxf8+ Rxf8 29. Qh5 Kh7 30. Bh3 Rf2 31. Bxe6 Qxe6 32. Rc1 Qe4 33. h3 c3
34. b3 Qf3 35. Qxf3 Rxf3 36. Rg1 a5 37. Kc1 Kg6 38. Kd1 Rf2 39. Re1 Rd2+ 40.
Kc1 b4 41. axb4 axb4 42. g4 Rh2 43. Kd1 Rxh3 44. Re4 Rh1+ 45. Ke2 Rh2+ 46. Kd3
Rd2+ 47. Kc4 Rxc2 48. Kxb4 h5 49. gxh5+ Kxh5 50. Re3 1/2-1/2

[Event "15PCR_PF2"]
[Site "?"]
[Date "2004.??.??"]
[Round "?"]
[White "Cedrych, Karel"]
[Black "Strnad, Martin"]
[Result "0-1"]
[WhiteElo "2174"]
[BlackElo "2230"]
[PlyCount "79"]
[EventDate "2004.??.??"]
[SourceDate "2005.03.08"]

1. e4 e5 2. Nf3 Nf6 3. Nxe5 d6 4. Nf3 Nxe4 5. d4 d5 6. Bd3 Nc6 7. O-O Be7 8.
Re1 Bg4 9. c4 Nf6 10. cxd5 Bxf3 11. Qxf3 Qxd5 12. Qxd5 Nxd5 13. Nc3 O-O-O 14.
Bc4 Bb4 15. Bd2 Nf6 16. a3 Bxa3 17. d5 Bxb2 18. dxc6 Bxa1 19. Rxa1 Rxd2 20.
Rxa7 bxc6 21. Ra8+ Kd7 22. Rxh8 Rc2 23. Kf1 Rxc3 24. Bxf7 c5 25. Rb8 Ke7 26.
Bb3 Rc1+ 27. Ke2 Rb1 28. Rb7 Kd6 29. Kd3 Rh1 30. h3 Rh2 31. Ke2 Rxg2 32. Bc4
Rh2 33. Rb3 c6 34. Re3 Nd5 35. Rf3 g5 36. Bd3 h6 37. Bf5 Ke5 38. Bd7 Nf4+ 39.
Kd2 Kd4 40. Bc8 0-1

[Event "15PCR_PF2"]
[Site "?"]
[Date "2004.??.??"]
[Round "?"]
[White "Cedrych, Karel"]
[Black "Zednik, Martin"]
[Result "1/2-1/2"]
[WhiteElo "2174"]
[BlackElo "1980"]
[PlyCount "110"]
[EventDate "2004.??.??"]
[SourceDate "2005.03.08"]

1. e4 e5 2. Nf3 Nc6 3. Bb5 a6 4. Ba4 Nf6 5. O-O Be7 6. Re1 b5 7. Bb3 O-O 8. c3
d6 9. h3 Bb7 10. d4 Re8 11. Nbd2 Bf8 12. a4 h6 13. Bc2 exd4 14. cxd4 Nb4 15.
Bb1 c5 16. d5 Nd7 17. Ra3 g6 18. Nf1 Bg7 19. Ne3 Nf6 20. Nf1 Nd7 21. Ne3 Nf6
22. Nd2 c4 23. Rf1 Nd7 24. Qe1 Nc5 25. Ndxc4 bxc4 26. Qxb4 a5 27. Qe1 Nxe4 28.
Qd1 Rc8 29. Ng4 Qh4 30. Re1 Nc5 31. Rxe8+ Rxe8 32. Re3 Rf8 33. Rg3 f5 34. Nxh6+
Bxh6 35. Rxg6+ Bg7 36. Bg5 Qh7 37. Rxd6 Be5 38. Rb6 Qf7 39. Rb5 Ne4 40. Bxe4
fxe4 41. Be3 Bc8 42. Rxa5 Rd8 43. Bb6 Re8 44. Bd4 Qf4 45. Bxe5 Rxe5 46. Ra8 Re8
47. Kh1 e3 48. Qh5 exf2 49. Qxe8+ Qf8 50. Qxf8+ Kxf8 51. Rxc8+ Kf7 52. Rc7+ Ke8
53. Rc8+ Kf7 54. Rc7+ Ke8 55. Rc8+ Kf7 1/2-1/2

[Event "15PCR_PF2"]
[Site "?"]
[Date "2004.??.??"]
[Round "?"]
[White "Glembek, Bohumir"]
[Black "Binas, Jindrich"]
[Result "1/2-1/2"]
[WhiteElo "2120"]
[BlackElo "2175"]
[PlyCount "59"]
[EventDate "2004.??.??"]
[SourceDate "2005.03.08"]

1. d4 d5 2. c4 e6 3. Nc3 Nf6 4. Bg5 Be7 5. e3 O-O 6. Nf3 Nbd7 7. Rc1 c6 8. Qc2
a6 9. a3 h6 10. Bh4 Re8 11. Bd3 dxc4 12. Bxc4 b5 13. Ba2 c5 14. O-O Bb7 15.
dxc5 Nxc5 16. Rfd1 Ncd7 17. Ne5 Qb6 18. Bg3 Nxe5 19. Bxe5 Rac8 20. b4 Ng4 21.
Bd4 Qc7 22. f4 Bf6 23. Bb1 Bxd4 24. Rxd4 g6 25. Qd2 Red8 26. Ne2 Rxd4 27. exd4
Qd8 28. Rxc8 Qxc8 29. Ng3 Nf6 30. Ne2 1/2-1/2

[Event "15PCR_PF2"]
[Site "?"]
[Date "2004.??.??"]
[Round "?"]
[White "Glembek, Bohumir"]
[Black "Brousek, Jiri"]
[Result "0-1"]
[WhiteElo "2120"]
[BlackElo "2361"]
[PlyCount "60"]
[EventDate "2004.??.??"]
[SourceDate "2005.03.08"]

1. d4 e6 2. c4 f5 3. g3 Nf6 4. Bg2 c6 5. Nd2 d5 6. Qc2 Be7 7. Nh3 O-O 8. Nf4
Na6 9. O-O Nb4 10. Qb3 g5 11. a3 gxf4 12. axb4 fxg3 13. fxg3 Ng4 14. c5 Bf6 15.
Qd3 e5 16. h3 e4 17. Qc3 Nh6 18. Nb1 Nf7 19. Bf4 Be6 20. Na3 a6 21. Rf2 h5 22.
Kh1 h4 23. Bf1 Kh7 24. e3 Rg8 25. Rg2 hxg3 26. Bxg3 Ng5 27. Qc2 Qe8 28. Bf4 Qh5
29. Rh2 Nf3 30. Be2 Rg6 0-1

[Event "15PCR_PF2"]
[Site "?"]
[Date "2004.??.??"]
[Round "?"]
[White "Glembek, Bohumir"]
[Black "Cedrych, Karel"]
[Result "1/2-1/2"]
[WhiteElo "2120"]
[BlackElo "2174"]
[PlyCount "87"]
[EventDate "2004.??.??"]
[SourceDate "2005.03.08"]

1. d4 Nf6 2. c4 e6 3. Nc3 Bb4 4. e3 O-O 5. Bd3 d5 6. Nge2 dxc4 7. Bxc4 c5 8.
O-O cxd4 9. exd4 Nc6 10. Be3 a6 11. Ng3 b5 12. Bd3 Be7 13. Rc1 Bb7 14. Nh5 Re8
15. Nxf6+ Bxf6 16. Be4 Rc8 17. a3 Ba8 18. Qg4 Na5 19. Rfd1 Nc4 20. Bxa8 Rxa8
21. b3 Nxe3 22. fxe3 Qa5 23. Nb1 Rac8 24. Qf3 Red8 25. Qb7 Rxc1 26. Rxc1 Re8
27. Qc7 Qxc7 28. Rxc7 Kf8 29. Rc6 Ra8 30. Nd2 Be7 31. a4 Ke8 32. Nf3 bxa4 33.
bxa4 a5 34. Ne5 Bd8 35. Kf2 Rb8 36. Kf3 h6 37. g3 Rb2 38. h3 Ra2 39. Rc8 Ke7
40. g4 g6 41. h4 h5 42. gxh5 gxh5 43. Nxf7 Kxf7 44. Rxd8 1/2-1/2

[Event "15PCR_PF2"]
[Site "?"]
[Date "2004.??.??"]
[Round "?"]
[White "Glembek, Bohumir"]
[Black "Hrdy, Roman"]
[Result "0-1"]
[WhiteElo "2120"]
[BlackElo "2224"]
[PlyCount "99"]
[EventDate "2004.??.??"]
[SourceDate "2005.03.08"]

1. d4 f5 2. g3 Nf6 3. Bg2 d5 4. c4 e6 5. Nf3 c6 6. O-O Bd6 7. Bf4 Bxf4 8. gxf4
O-O 9. e3 Nbd7 10. Ne5 Ne4 11. Qc2 Qe7 12. f3 Nxe5 13. fxe5 Ng5 14. f4 Ne4 15.
Rc1 g5 16. Rf1 Kh8 17. Nd2 b6 18. Nxe4 dxe4 19. fxg5 Qxg5 20. Rf4 c5 21. Qf2
Rg8 22. h4 Qg7 23. Kh2 cxd4 24. exd4 Ba6 25. Bf1 Rad8 26. Rd1 e3 27. Qxe3 Bxc4
28. Bh3 Bd5 29. Rff1 Qe7 30. Rf4 Bxa2 31. Bg2 Bd5 32. Rg1 Bxg2 33. Rxg2 Rxg2+
34. Kxg2 Qb4 35. Qc3 Rg8+ 36. Kh2 Qa4 37. Rf2 Qd1 38. Rg2 Rxg2+ 39. Kxg2 Qe2+
40. Kg1 Kg7 41. Qc7+ Kg6 42. Qe7 Qg4+ 43. Kh2 f4 44. Qf6+ Kh5 45. Qf7+ Kxh4 46.
Qe7+ Qg5 47. Qxh7+ Qh5 48. Qd3 Kg5+ 49. Kg1 Qg6 50. Qe2 0-1

[Event "15PCR_PF2"]
[Site "?"]
[Date "2004.??.??"]
[Round "?"]
[White "Glembek, Bohumir"]
[Black "Jarabinsky, Martin"]
[Result "1-0"]
[WhiteElo "2120"]
[BlackElo "2116"]
[PlyCount "47"]
[EventDate "2004.??.??"]
[SourceDate "2005.03.08"]

1. d4 Nf6 2. c4 c5 3. d5 e6 4. Nc3 exd5 5. cxd5 d6 6. e4 g6 7. f4 Bg7 8. Bb5+
Nfd7 9. e5 dxe5 10. fxe5 a6 11. Bxd7+ Nxd7 12. Nf3 Nxe5 13. Nxe5 Bxe5 14. Bf4
Bd4 15. Qe2+ Qe7 16. Qxe7+ Kxe7 17. d6+ Kd7 18. O-O-O g5 19. Bxg5 Rg8 20. Bf4
Rxg2 21. Rhe1 Kc6 22. Ne2 Bf2 23. d7 Bxd7 24. Rd6+ 1-0

[Event "15PCR_PF2"]
[Site "?"]
[Date "2004.??.??"]
[Round "?"]
[White "Glembek, Bohumir"]
[Black "Strnad, Martin"]
[Result "1/2-1/2"]
[WhiteElo "2120"]
[BlackElo "2230"]
[PlyCount "73"]
[EventDate "2004.??.??"]
[SourceDate "2005.03.08"]

1. d4 d5 2. c4 e6 3. Nc3 Nf6 4. Bg5 Be7 5. Nf3 O-O 6. Qc2 Nbd7 7. e3 c6 8. Rc1
h6 9. Bh4 a6 10. a3 Re8 11. Bd3 dxc4 12. Bxc4 b5 13. Be2 Bb7 14. O-O c5 15.
dxc5 Bxc5 16. Rfd1 Qb6 17. b4 Be7 18. Bg3 Rac8 19. Qb2 Red8 20. Ne5 Nxe5 21.
Bxe5 Rxd1+ 22. Rxd1 Qc6 23. Bf3 Qb6 24. Bd4 Qc7 25. Bxb7 Qxb7 26. f3 Rc4 27.
Ne2 Qc7 28. Be5 Qb6 29. Qb3 Nd5 30. Bd4 Qc7 31. h3 Rc6 32. e4 Nf4 33. Nxf4 Qxf4
34. Qe3 Qxe3+ 35. Bxe3 Rc3 36. Bc1 f6 37. Bb2 1/2-1/2

[Event "15PCR_PF2"]
[Site "?"]
[Date "2004.??.??"]
[Round "?"]
[White "Glembek, Bohumir"]
[Black "Zednik, Martin"]
[Result "1/2-1/2"]
[WhiteElo "2120"]
[BlackElo "1980"]
[PlyCount "65"]
[EventDate "2004.??.??"]
[SourceDate "2005.03.08"]

1. e4 e5 2. Nf3 Nc6 3. Bc4 Bc5 4. c3 Nf6 5. d3 O-O 6. b4 Bb6 7. a4 a6 8. O-O d6
9. Bg5 h6 10. Bh4 a5 11. h3 axb4 12. cxb4 Nxb4 13. Nc3 Be6 14. Qb1 Ba5 15. Bxe6
fxe6 16. d4 exd4 17. Nxd4 Qd7 18. Nb3 Nc6 19. Bxf6 Rxf6 20. Nxa5 Nxa5 21. Qd3
Qf7 22. e5 dxe5 23. Ne4 Rf4 24. f3 Nc6 25. Qb5 Ra7 26. a5 Qe8 27. Kh1 Rf8 28.
Rfc1 Qg6 29. a6 Nd4 30. Qxe5 Nb3 31. Rxc7 Nxa1 32. axb7 Ra2 33. Ng3 1/2-1/2

[Event "15PCR_PF2"]
[Site "?"]
[Date "2004.??.??"]
[Round "?"]
[White "Hrdy, Roman"]
[Black "Binas, Jindrich"]
[Result "1/2-1/2"]
[WhiteElo "2224"]
[BlackElo "2175"]
[PlyCount "49"]
[EventDate "2004.??.??"]
[SourceDate "2005.03.08"]

1. e4 c5 2. Nf3 Nc6 3. d4 cxd4 4. Nxd4 Nf6 5. Nc3 e5 6. Ndb5 d6 7. Bg5 a6 8.
Na3 b5 9. Nd5 Be7 10. Bxf6 Bxf6 11. c3 Ne7 12. Nxf6+ gxf6 13. Bd3 Bb7 14. Qe2
Qb6 15. O-O-O O-O-O 16. Nc2 d5 17. Rhe1 Kb8 18. exd5 Nxd5 19. g3 Rd6 20. f4
exf4 21. Be4 fxg3 22. hxg3 Re8 23. Qf1 h5 24. Bf3 Rxe1 25. Qxe1 1/2-1/2

[Event "15PCR_PF2"]
[Site "?"]
[Date "2004.??.??"]
[Round "?"]
[White "Hrdy, Roman"]
[Black "Brousek, Jiri"]
[Result "1-0"]
[WhiteElo "2224"]
[BlackElo "2361"]
[PlyCount "92"]
[EventDate "2004.??.??"]
[SourceDate "2005.03.08"]

1. e4 e6 2. d4 d5 3. Nd2 dxe4 4. Nxe4 Bd7 5. Nf3 Bc6 6. Bd3 Nd7 7. O-O Ngf6 8.
Ng3 Be7 9. Qe2 O-O 10. Ne5 Nxe5 11. dxe5 Qd5 12. f4 Nd7 13. c3 Rfd8 14. Rd1 Qa5
15. b4 Qa4 16. Be3 Nf8 17. a3 Ng6 18. Rdb1 Be8 19. Bc2 Qd7 20. a4 c5 21. bxc5
Qc7 22. Ne4 Bc6 23. a5 Bd5 24. Nd6 Nh4 25. Bf2 Ng6 26. c4 Bc6 27. Qg4 Rf8 28.
Bxg6 hxg6 29. Bh4 Bxd6 30. cxd6 Qc8 31. Rb3 Be4 32. Qe2 Bc6 33. Be7 Re8 34. Qf2
Rxe7 35. dxe7 Qd7 36. Qc5 Qd2 37. Rg3 Re8 38. Qxa7 Rxe7 39. Qe3 Qd8 40. Qc5 Rd7
41. h3 Qa8 42. Kh2 Be4 43. Re1 Bc6 44. Ree3 Rd8 45. Qb6 Rd7 46. Rd3 Qc8 1-0